02973nam a22002777a 4500999001700000003000800017008004100025037002000066039004400086040003500130041000800165080000900173100002800182245014300210260008900353300002000442502014600462520164800608650007002256650007102326655002302397700003002420710010402450942001302554952012802567 c42567d42567BI-BuBU200706b2018 bd ||||fs|||| 000 0 fre d bDon de l'auteur a20200706115728.0bGodeberthe Nsengimana aBI-BuBUbfrecBI-BuBUdBI-BuBU0 afre a312.1 4aut.aNkunzimana, Aloys10aEvolution démographique et socio-économique de la commune de Buganda (1990-20008)cAloys Nkunzimana; Dr. Jean marie nduwayo, Directeur aBujumburabUniversité du burundi, faculté des lettres et sciences humainesc2018 aX-73 f.c30 cm. 8Mémoire présenté et défendu publiquement en vue de l'obtention du grade de licencié en Histoire. Option : Enseignement et recherche aRESUME, La situation démographique ainsi que l'évolution sociale et économique différent selon les pays ou les régions et les problèmes de la population restent de nos jours l'une des préoccupation des Etats. Travailler sur la commune de Buganda nous amène à voir ces différences. Notre travail se subdivise en trois chapitres, Le premier chapitre porte sur les caractéristiques générales de la commune.Il décrit sa situation géographique en rapport avec les caractéristiques physiques et ses découpages administratifs.Il nous permet de situer la commune par rapport au reste du pays. Le deuxième chapitre est consacré exclusivement à l'analyse des aspects démographiques .Nous nous intéressons à l'analyse de la répartition spatiale,de la composition par âge et par sexe,de la structure socio-professionnelle de la population.On constate que la commune de Buganda connait une population qui augmente rapidement avec un accroissement annuel moyen de 2,5% entre 1990-2008. Le troisième et dernier chapitre présente une sorte de panorama de la situation sociale et économique prévalant dans la commune avec ses perspectives d'avenir susceptibles de faire espérer une certaine prospérité. Cependant,les ressources dont dispose la commune sont insuffisantes et cette situation a des répercutions sur les différents secteurs de la vie de la commune notamment:le manque d'infrastructures scolaires,sanitaires et économiques suffisantes pour assurer les besoins de sa population à prédominance jeune et tout semble indiquer que le taux de dépendance reste très élevé. 72BI-BuBUaEvolution démographique.y1990-2008zBuganda (commune) 72BI-BuBUaEvolution socio-économiquey1990-2008zBuganda(commune) 72BI-BuBUaMémoire1 4dir.aNduwayo, Jean Marie1 4aut.aUniversité du BurundibFaculté des lettres et sciences humaines, département d'histoire 2udccMEM 00102udc4071966851aBCbBCd2020-07-06eDon de l'auteurl0o312.NKU.2018p5010000169572r2020-07-06t1w2020-07-06yMEM